Código Sanitario: edición oficial, aprobada por Decreto Nº 967 de 30 de julio de 1992 del Ministerio de Justicia

Sábháilte in:
Sonraí bibleagrafaíochta
Formáid: LEABHAR
Teanga:Spáinnis
Foilsithe / Cruthaithe: Santiago Jurídica de Chile 1995
Eagrán:8a. ed
Ábhair:
Clibeanna: Cuir clib leis
Níl clibeanna ann, Bí ar an gcéad duine le clib a chur leis an taifead seo!

MARC

LEADER 00000nam a2200000 a 4500
001 UCT8333
003 CL-VaPUC
008 970326e19950000CL |||||||||||||||||spa|d
082 0 4 |a 344.8304  |b COD  |2 21 
245 1 0 |a Código Sanitario: edición oficial, aprobada por Decreto Nº 967 de 30 de julio de 1992 del Ministerio de Justicia 
250 |a 8a. ed 
300 |a 283 p 
942 |c BK 
945 |d 19970326 00:00:00  |a nastorga 
260 |a Santiago  |b Jurídica de Chile  |c 1995 
500 |a Apéndice actualizado a septiembre de 1995 
650 0 |a Salud pública  |9 258913 
650 0 |a Derecho y legislación   |9 255077 
650 7 |a HIGIENE Y SEGURIDAD  |2 CL-VaPUC  |9 258914 
650 7 |a ENFERMEDADES TRANSMISIBLES  |2 CL-VaPUC  |9 271158 
650 7 |a EDUCACION SANITARIA  |2 CL-VaPUC  |9 339099 
650 7 |a PRODUCTOS FARMACEUTICOS  |2 CL-VaPUC  |9 334377 
650 0 |a Alimentos  |9 256203 
650 7 |a COSMETICOS  |2 CL-VaPUC  |9 259644 
651 7 |a CHILE  |2 CL-VaPUC  |9 380009 
583 |a last modification  |c 20111020 11:49:34  |k Rodrigo Vera 
999 |c 256843  |d 256841 
952 |0 0  |1 0  |2 ddc  |4 0  |6 344_830400000000000_COD_1995  |7 0  |8 FOND_LRYV  |9 279871  |a BIBDER  |b BIBDER  |d 2019-11-19  |i 3285111  |o 344.8304 COD 1995  |p 3285111  |r 2023-01-25  |w 2019-11-19  |y BK_X  |k DER